Imaginarios sobre inmigración y conocimiento experto en el contexto español /

Gardado en:
Detalles Bibliográficos
Autor Principal: Betrisey Nadali, Débora
Formato: Texto
Etiquetas: Engadir etiqueta
Sen Etiquetas, Sexa o primeiro en etiquetar este rexistro!

MARC

LEADER 00000 a a2200000 04500
001 45805
003
040
100 |a Betrisey Nadali, Débora  
245 |a Imaginarios sobre inmigración y conocimiento experto en el contexto español /  |c Débora Betrisey Nadali  
773 |g número35 (2011), páginas 229-238  
999 |c 18491  |d 18491